One piece quiz saga East blue - Statistiques

Statistiques générales
  • Ce quiz a été pris 405 fois
  • Le résultat moyen est 10 sur 15
Statistiques - réponses
Question Réponse % Correct
Comment s'appelle les 2 chasseurs de primes et ami de Zoro ? Johnny et Yosaku
95%
Comment s'appelle le chien du maire du village d'orange ? Chouchou
92%
Comment s'appelle la vache des mers de Arlong ? Meuh meuh
92%
Quel est le fruit du démon de Smoker ? Fruit Fumigène
91%
Comment s'appelle le bras droit du capitaine Kuro ? Jango
88%
Sur Logue Town, par quoi Luffy et sauvé avant de se faire exécuté ? Par la foudre
80%
Pendant combien de temps Luffy était censé faire l'homme à tout faire sur la Baratie ? 1 ans
77%
Comment s'appelle les 2 hommes de mains de Baggy ? Cabaji et Morge
71%
Comment est surnommée Alvida ? La massue
71%
Comment s'appelle le gaz utiliser par Don krieg ? MH5
59%
Dans le passée de Nami, combien les enfants devaient payer pour avoir la vie sauve ? 50 millions
58%
Dans la boutique de sabre de Logue Town, quel est le sabre qui est ensorcelé ? Le troisième Kitetsu
52%
Combien de temps Gaimon est-il resté dans son coffre ? 20 ans
48%
Combien de jours Sanji et Zeff sont 'il resté sur le rocher ? 85 jours
27%
Contre quel ennemi Luffy engage son premier combat ? Morgan
11%
Aucun quiz correspondant
Distribution des résultats
% des personnes avec chaque résultat
Percentile par nombre de réponses
Votre historique - résultats
Vous n’avez pas pris ce quiz